La nacionalización del petróleo. / (Registro nro. 44499)
[ vista simple ]
| 000 -CABECERA | |
|---|---|
| campo de control de longitud fija | 00513nam a2200157 a 4500 |
| 001 - NÚMERO DE CONTROL | |
| campo de control | 000045010 |
| 005 - FECHA Y HORA DE LA ÚLTIMA TRANSACCIÓN | |
| campo de control | 20201002045813.0 |
| 008 - DATOS DE LONGITUD FIJA--INFORMACIÓN GENERAL | |
| campo de control de longitud fija | 150128s1975 ve 000 0 spa d |
| 040 ## - FUENTE DE LA CATALOGACIÓN | |
| Centro catalogador/agencia de origen | DO-SdBNP |
| Lengua de catalogación | spa |
| Centro/agencia transcriptor | BNPHU |
| 100 1# - ENTRADA PRINCIPAL--NOMBRE DE PERSONA | |
| Nombre de persona | Caldera, Rafael |
| 9 (RLIN) | 20912 |
| 245 13 - MENCIÓN DE TÍTULO | |
| Título | La nacionalización del petróleo. / |
| Mención de responsabilidad, etc. | Rafael Caldera. |
| 250 ## - MENCIÓN DE EDICIÓN | |
| Mención de edición | 3a. ed. |
| 260 ## - PUBLICACIÓN, DISTRIBUCIÓN, ETC. | |
| Lugar de publicación, distribución, etc. | Caracas, Venezuela, : |
| Nombre del editor, distribuidor, etc. | Ediciones nueva política, |
| Fecha de publicación, distribución, etc. | 1975. |
| 300 ## - DESCRIPCIÓN FÍSICA | |
| Extensión | 107 p. ; |
| Dimensiones | 19 cm. |
| 590 ## - NOTA LOCAL (RLIN) | |
| Nota local | Perteneció a la biblioteca personal de Germán Emilio Ornes. |
| Estado de retiro | Estado de pérdida | Restricciones de uso | No para préstamo | Código de colección | Localización permanente | Ubicación/localización actual | Ubicación en estantería | Fecha de adquisición | Número de inventario | Total de préstamos | Signatura topográfica completa | Código de barras | Fecha visto por última vez | Precio válido a partir de | Tipo de ítem Koha | Nota pública |
|---|---|---|---|---|---|---|---|---|---|---|---|---|---|---|---|---|
| Excluido de préstamo | Monografías: Libros y Folletos | General | General | En catalogación | 28.01.2015 | LF1 | 45010-10 | 25.06.2020 | 25.06.2020 | No se presta | Perteneció a la biblioteca personal de Germán Emilio Ornes |
